000 00431 a2200157 4500
020 _a0134813677
040 _aDLC
_bDLC
082 0 0 _a537.6
100 1 _aGriffiths, David J.
245 1 0 _aIntroduction to electrodynamics
_cDavid J. Griffiths.
250 _a2nd ed.
260 _aEnglewood Cliffs, N.J. :
_bPrentice Hall,
_cc1989.
300 _axii, 532 p. :
_bill. ;
_c25 cm.
650 0 _aElectrodynamics.
942 _cBK
_k537.6 GRI
_2ddc
999 _c4137
_d4137